| 000 | 00644nam a22002177a 4500 | ||
|---|---|---|---|
| 005 | 20180614173724.0 | ||
| 008 | 180614b xxu||||| |||| 00| 0 eng d | ||
| 010 | _aA-946006 | ||
| 020 |
_a8174790101 _c0.00 |
||
| 035 | _aA-946006 | ||
| 037 | _bBPPD / PUB | ||
| 040 |
_adpl _bEnglish |
||
| 082 | _a380.1 MOH | ||
| 100 | _aMohamed, H. Peepu | ||
| 245 |
_aMarketing A Financial Approch _cby H. Peepu Mohamed |
||
| 260 |
_aNew Delhi _bKaveri Books _c1997 |
||
| 270 |
_a4697/5-21A, Ansari Road, _bNew Delhi _e110002 |
||
| 300 |
_a273 p. ; _c22cm(Hb) |
||
| 500 | _aIncludes index. | ||
| 942 |
_2ddc _cEN _h155.42282 _mRED |
||
| 999 |
_c152719 _d152719 |
||